| 000 | 00799nam a22001937a 4500 | ||
|---|---|---|---|
| 999 |
_c59035 _d59035 |
||
| 003 | Ge_BSU | ||
| 005 | 20221102161511.0 | ||
| 008 | 221102s1995 ge ||||| |||| 00| 0 geo d | ||
| 041 | _ageo | ||
| 080 | _a340.6 გ-70 | ||
| 100 |
_aგორდელაძე, თეიმურაზ _915749 |
||
| 245 |
_aსასამართლო მედიცინა / _cთეიმურაზ გორდელაძე; რედ. ნ. ახობაძე. |
||
| 264 |
_aთბილისი : _bსამშობლო, _c1995. |
||
| 300 |
_a196 გვ. ; _b20 სმ. |
||
| 504 | _aბიბლიოგრ.: გვ. 194. | ||
| 653 | _aსასამართლო მედიცინა | ||
| 700 |
_aახობაძე, ნ. _eრედაქტორი _915750 |
||
| 942 |
_2udc _cBK |
||